|
|
|
|
| LEADER |
01489nam a22003977a 4500 |
| 001 |
30194 |
| 003 |
BD-DhAAL |
| 005 |
20151031100956.0 |
| 008 |
151021s1997 bg a|||| b||| 00| 0 eng d |
| 040 |
|
|
|a BD-DhAAL
|c BD-DhAAL
|
| 082 |
|
|
|2 22
|a 307.1412095492
|
| 999 |
|
|
|c 35961
|d 35961
|
| 999 |
|
|
|c 35934
|
| 999 |
|
|
|c 35934
|
| 999 |
|
|
|c 35923
|
| 999 |
|
|
|c 35916
|
| 999 |
|
|
|c 35910
|
| 999 |
|
|
|c 35910 | 35909 | 35869 | 35868 | 35864 | 35863
|
| 999 |
|
|
|c 35909
|
| 999 |
|
|
|c 35869
|
| 999 |
|
|
|c 35868
|
| 999 |
|
|
|c 35864
|
| 999 |
|
|
|c 35863
|
| 100 |
|
|
|9 15609
|a Khan, Monirul Islam
|
| 245 |
|
|
|a An inventory of the development programmes by government and non-government organizations in selected unions of Matlab (excluding BRAC & ICDDR'B) :
|b working paper no. 17 /
|c Monirul Islam Khan
|
| 260 |
|
|
|a Dhaka :
|b BRAC-ICDDR,B joint research project, BRAC,
|c 1997
|
| 300 |
|
|
|a 27 p. :
|b ill. ;
|c 28 cm.
|
| 541 |
|
|
|e 30194
|
| 610 |
|
|
|a BRAC
|9 15610
|
| 650 |
|
|
|a Rural Development
|z Bangladesh
|9 15611
|
| 700 |
|
|
|a Chowdhury, Mushtaque
|9 15732
|
| 710 |
|
|
|a BRAC
|9 15610
|
| 852 |
|
|
|a Ayesha Abed Library
|c BRAC Resource Section
|
| 942 |
|
|
|2 ddc
|c BK
|
| 952 |
|
|
|0 0
|1 0
|2 ddc
|4 0
|6 307_141209549200000_KHA
|7 0
|9 56512
|a BRACUL
|b BRACUL
|c BRS
|d 2015-10-31
|e BRAC
|l 0
|o 307.1412095492 KHA
|p 3010030194
|r 2015-10-31
|t 1
|w 2015-10-31
|y BK
|
| 952 |
|
|
|0 0
|1 0
|2 ddc
|4 0
|6 307_141209549200000_KHA
|7 0
|9 56513
|a BRACUL
|b BRACUL
|c BRS
|d 2015-10-31
|e BRAC
|l 0
|o 307.1412095492 KHA
|p 3010030195
|r 2015-10-31
|t 2
|w 2015-10-31
|y BK
|